000
00323nam a2200145Ia 4500
100
_a
Luse/ Marv
942
_c
BK
654
_a
Computer
245
_a
Bitmapped graphics prog in C++
260
_b
New Age Int (P) Ltd
_a
New Delhi
_c
1993
082
_a
6.6762
_b
LUS
300
_a
705
546
_a
ENGLISH
999
_c
18058
_d
18058